000 00701nam a2200217Ia 4500
003 GCL
008 140319s9999 xx 000 0 ara d
040 _aGCL /
_cGCL
082 0 4 _a320.57
_bح ل
100 1 _aحيدر ابراهيم على
245 1 0 _aلاهوت التحرير: الدين والثورة فى العالم الثالث /
_cحيدر ابراهيم على
260 _a[S.N] :
_bدار النيل ،
_c1993
300 _a155 ص
490 _a
650 0 4 _aالفلسفة الاسلامية
650 0 4 _aالفلسفة الحديثة
650 0 4 _aاللاهوت
650 0 4 _aالفلسفة الشرقية
650 0 4 _aالفلسفة الطبيعة
942 _2ddc
_cBK
999 _c33273
_d33273